| 000 | 00469nam a2200193Ia 4500 | ||
|---|---|---|---|
| 005 | 20250603145458.0 | ||
| 008 | 250603s9999 xx 000 0 und d | ||
| 020 | _a9780198803058 | ||
| 050 | _aRC 59 .O94/ | ||
| 100 | _aWilkinson, Ian B...[et al.] | ||
| 245 | 0 | _aOxford handbook of clinical medicine | |
| 250 | _a10th ed. | ||
| 260 | _aNew York | ||
| 260 | _bOxford University Press | ||
| 260 | _c2017 | ||
| 300 | _a894 p | ||
| 650 | _aNew York | ||
| 942 | _cBK | ||
| 999 |
_c41977 _d41977 |
||